Một thế kỷ văn minh nhân loại

Shranjeno v:
Bibliografske podrobnosti
Glavni avtor: Trần Mạnh Thường
Format: Knjiga
Izdano: Văn hoá thông tin 1999
Oznake: Označite
Brez oznak, prvi označite!
Thư viện lưu trữ: Mạng thư viện Đại học Đà Nẵng
LEADER 00621nam a2200229 a 4500
001 000028913
003 91
005 20171030145630.0
008 171030s1999
020 |c 130000 
040 |a LTT 
082 0 |a 000  |b TR-T 
100 1 |a Trần Mạnh Thường 
245 0 0 |a Một thế kỷ văn minh nhân loại  |c Trần Mạnh Thường chủ biên, Bùi Xuân Mỹ, Phạm Minh Thảo. 
260 |b Văn hoá thông tin  |c 1999 
OWN |a LTT 
999 |a From the UDN01 
TYP |a Monograph 
TYP |a Printed language 
980 |a Mạng thư viện Đại học Đà Nẵng